| 000 | 00620nai a2200169Ia 4500 | ||
|---|---|---|---|
| 003 | IN-BaIIA | ||
| 008 | 211028c9999 xx s 000 0 eng d | ||
| 022 | _a0361-5235 (Print) | ||
| 040 | _cIIA Library | ||
| 245 | 0 |
_aJournal of Electronic Materials _h[eJournal] |
|
| 260 |
_aNew York, USA _bThe Institute of Electrical and Electronics Engineers, Inc. (IEEE) |
||
| 310 | _aMonthly | ||
| 362 | _a26(1); 1997 - Present | ||
| 521 | _bSubscribed through National Knowledge Resource Consortium (NKRC) | ||
| 856 |
_uhttps://ieeexplore.ieee.org/xpl/RecentIssue.jsp?punumber=7029 _yClick Here to Access eJournal |
||
| 942 | _cEJ | ||
| 999 |
_c35035 _d35035 |
||